[Event "Brno /Olexa/"]
[Site "?"]
[Date "2021.12.28"]
[Round "5"]
[White "Hrdlicka, Vladan"]
[Black "Gajdos, Daniel"]
[Result "1/2-1/2"]
[WhiteElo "1774"]
[BlackElo "2068"]
[PlyCount "74"]
[EventDate "2021.??.??"]

{[%evp 0,74,19,29,30,11,17,17,17,-7,-7,-4,-4,-4,-7,9,23,16,12,11,11,1,12,4,27,
31,40,49,8,-73,-59,-96,-70,-43,-97,-160,-125,-131,-125,-144,-104,-179,-187,
-180,-180,-233,-205,-319,-179,-205,-189,-222,-222,-232,-183,-205,-205,-246,
-253,-346,-177,-167,-164,-162,-154,-153,-140,-151,-169,-154,-57,-699,-89,-63,
-16,-15,8]} 1. e4 e5 2. Nf3 Nc6 3. Nc3 Nf6 4. d4 exd4 5. Nxd4 Bb4 6. Nxc6 bxc6
7. Bd3 O-O 8. O-O d5 9. exd5 cxd5 10. h3 Be6 11. Qf3 Bxc3 12. bxc3 c5 13. Rd1
Qa5 14. Bh6 c4 15. Qg3 Nh5 16. Qg5 cxd3 17. Qxh5 Qxc3 18. Bd2 Qxc2 19. Rac1 Qa4
20. Rc5 Rfc8 21. Ra5 Qc2 22. Be3 a6 23. Rd2 Qc1+ 24. Rd1 Qc3 25. Bd2 Qc2 26.
Be3 Rc4 27. Qf3 Qe2 28. Rd2 Rc2 29. Qf4 Rxd2 30. Bxd2 h6 31. Rc5 g5 32. Qb4 {
(R)} Qe4 33. Qb7 Re8 34. Rc1 g4 35. Rf1 Qg6 36. hxg4 Qxg4 37. Qxa6 Kh7 1/2-1/2

[Event "Brno /Olexa/"]
[Site "?"]
[Date "2021.12.28"]
[Round "5"]
[White "Wuensch, Radek"]
[Black "Paral, Stanislav"]
[Result "0-1"]
[WhiteElo "1923"]
[BlackElo "1961"]
[PlyCount "56"]
[EventDate "2021.??.??"]

1. e4 g6 2. d4 Bg7 3. Nc3 c5 4. dxc5 Bxc3+ 5. bxc3 Nc6 6. Be3 Qa5 7. Qd2 Nf6 8.
f3 O-O 9. Bd3 b6 10. cxb6 axb6 11. Ne2 Ne5 12. O-O d5 13. Rfb1 Ned7 14. Rb5 Qa3
15. exd5 Ba6 16. Rb3 Qd6 17. c4 Rfc8 18. Qb4 Nc5 19. Ra3 Qe5 20. Bd4 Nxd3 21.
cxd3 Qxe2 22. Re1 Qc2 23. Qxb6 Nxd5 24. cxd5 Bxd3 25. Qb7 Qd2 26. Qxe7 Bb5 27.
Rxa8 Qxd4+ 28. Kh1 Rxa8 0-1

[Event "Brno /Olexa/"]
[Site "?"]
[Date "2021.12.28"]
[Round "5"]
[White "Neduchal, Jiri"]
[Black "Hayrumyan, Artur"]
[Result "1-0"]
[WhiteElo "1753"]
[BlackElo "1538"]
[PlyCount "101"]
[EventDate "2021.??.??"]

1. d4 d5 2. Nf3 Bf5 3. Bf4 e6 4. e3 a6 5. c4 c6 6. Nc3 Bd6 7. Bxd6 Qxd6 8. c5
Qc7 9. Be2 Nd7 10. O-O Ngf6 11. b4 Ng4 12. a4 Be4 13. g3 Bxf3 14. Bxf3 Ngf6 15.
b5 axb5 16. axb5 Rxa1 17. Qxa1 Ke7 18. b6 Qc8 19. Qb2 Nb8 20. Ra1 Na6 21. Be2
Nb8 22. Ra8 h5 23. Qa2 h4 24. g4 e5 25. h3 Qe6 26. Qa7 Nfd7 27. Qxb7 exd4 28.
exd4 f5 29. gxf5 Qf6 30. Bg4 Rf8 31. Ra2 Kf7 32. Ne2 g6 33. fxg6+ Kxg6 34. f3
Kh6 35. Qc7 Qg6 36. Ra3 Qb1+ 37. Kg2 Qb2 38. Re3 Nf6 39. Qf4+ Kg7 40. Re7+ Rf7
41. Qg5+ Kf8 42. Rxf7+ Kxf7 43. Bh5+ Nxh5 44. Qxh5+ Kg7 45. Kf2 Na6 46. Qxh4
Nb4 47. Qe7+ Kh6 48. b7 Nd3+ 49. Kg3 Ne1 50. Qf8+ Kh7 51. b8=Q 1-0

[Event "Brno /Olexa/"]
[Site "?"]
[Date "2021.12.28"]
[Round "5"]
[White "Pokora, Lubomir"]
[Black "Nisztuk, Michal"]
[Result "0-1"]
[WhiteElo "1758"]
[BlackElo "1502"]
[PlyCount "154"]
[EventDate "2021.??.??"]

1. b3 d5 2. Bb2 c5 3. e3 Nc6 4. Bb5 Nf6 5. Nf3 Bg4 6. h3 Bh5 7. g4 Bg6 8. Ne5
Rc8 9. Bxc6+ bxc6 10. d3 e6 11. h4 h6 12. Nxg6 fxg6 13. Nd2 Be7 14. Qe2 O-O 15.
O-O-O Nd7 16. h5 Bf6 17. Rdf1 Bxb2+ 18. Kxb2 g5 19. f3 Rb8 20. c3 Qa5 21. Rc1
Nb6 22. Ka1 Rf7 23. e4 Re7 24. Rc2 Qa3 25. Nb1 Qa6 26. Nd2 Nd7 27. e5 Rf7 28.
c4 Rf4 29. Rf1 Qa5 30. Kb1 Qc7 31. Rcc1 a5 32. a4 Qb7 33. Ka2 Nb6 34. Rb1 Qf7
35. Qe3 Nd7 36. Rfe1 g6 37. hxg6 Qxg6 38. Nf1 Rbf8 39. Nd2 h5 40. gxh5 Qxh5 41.
Rbd1 Rh4 42. Rg1 Rff4 43. Kb1 Rf5 44. Rg2 Rxe5 45. Qf2 Kf7 46. Rdg1 Ke7 47. Kc2
Kd8 48. Rg4 Rh1 49. Rxh1 Qxh1 50. Rg1 Qh7 51. Nf1 Qh8 52. Ne3 Kc7 53. f4 Qf8
54. Rg4 gxf4 55. Rxf4 Qh6 56. Ng4 Re2+ 57. Qxe2 Qxf4 58. Qh2 e5 59. Qxf4 exf4
60. Kd2 Kd6 61. Ke2 Ne5 62. Nh2 Ke6 63. Nf1 Nd7 64. Nd2 Kf5 65. Nf3 Ne5 66. Nh2
Nd7 67. Kf3 Ke5 68. Ng4+ Kd4 69. Kxf4 Kxd3 70. Ne3 d4 71. Nf5 Kc3 72. Ne7 Nb8
73. Ke4 Kxb3 74. Kd3 Kxa4 75. Ng6 Kb3 76. Nf4 a4 77. Ne6 Na6 0-1

[Event "Brno /Olexa/"]
[Site "?"]
[Date "2021.12.28"]
[Round "5"]
[White "Bata, Jiri"]
[Black "Kolek, Josef"]
[Result "0-1"]
[WhiteElo "1556"]
[BlackElo "1798"]
[PlyCount "160"]
[EventDate "2021.??.??"]

1. e4 d6 2. d4 g6 3. Nf3 Bg7 4. c3 Nc6 5. Bd3 Bg4 6. h3 Bxf3 7. Qxf3 e5 8. d5
Nce7 9. O-O Nf6 10. Bg5 Nd7 11. Bb5 O-O 12. Bxd7 Qxd7 13. Qe2 f6 14. Be3 a6 15.
Nd2 f5 16. f3 Rac8 17. c4 h6 18. Rab1 Kh7 19. c5 g5 20. g4 fxg4 21. hxg4 Ng6
22. Qh2 Nf4 23. b3 Qe7 24. Bxf4 exf4 25. cxd6 Bd4+ 26. Kh1 cxd6 27. Rbc1 Be3
28. Rc4 b5 29. Rc6 Rxc6 30. dxc6 Qe5 31. Rd1 Rc8 32. Nf1 Bc5 33. Rd5 Qg7 34. e5
Rxc6 35. Qc2+ Qg6 36. Qd1 Ba3 37. Qe2 Qe6 38. Qd3+ Kg7 39. Nd2 Rc5 40. Rxc5
Bxc5 41. Qe4 d5 42. Qc2 Bb6 43. Qc3 d4 44. Qc1 Qxe5 45. Ne4 Qe6 46. Qb2 Qd5 47.
Kg2 Bd8 48. Qc2 Qd7 49. Qc5 Bf6 50. Nxf6 Kxf6 51. Qf8+ Kg6 52. Qg8+ Qg7 53.
Qe6+ Kh7 54. Qxa6 Qe5 55. Qc8 Qe2+ 56. Kg1 Qe1+ 57. Kg2 Qg3+ 58. Kf1 Qxf3+ 59.
Kg1 Qe3+ 60. Kf1 f3 61. Qd7+ Kg6 62. Qf5+ Kg7 63. Qd7+ Kf8 64. Qd8+ Kf7 65.
Qd5+ Ke7 66. Qc5+ Ke6 67. Qf5+ Kd6 68. Qf8+ Kc6 69. Qc8+ Kb6 70. Qb8+ Kc5 71.
Qf8+ Kd5 72. Qf5+ Kd6 73. Qf6+ Kd7 74. Qf7+ Kc8 75. Qf8+ Kb7 76. Qf7+ Ka6 77.
Qf6+ Ka5 78. b4+ Kxb4 79. Qd6+ Kc3 80. Qc6+ Kd2 0-1

[Event "Brno /Olexa/"]
[Site "?"]
[Date "2021.12.28"]
[Round "5"]
[White "Doskar, Miloslav"]
[Black "Soucek, Andrej"]
[Result "1-0"]
[WhiteElo "1555"]
[BlackElo "1385"]
[PlyCount "79"]
[EventDate "2021.??.??"]

1. d4 d5 2. c4 c6 3. Nc3 Nf6 4. Nf3 e6 5. Bg5 Be7 6. e3 h6 7. Bh4 Nbd7 8. Bd3
dxc4 9. Bxc4 b5 10. Bd3 O-O 11. O-O a6 12. Rc1 c5 13. dxc5 Nxc5 14. Bb1 Bb7 15.
Nd2 Nd5 16. Bxe7 Qxe7 17. Nxd5 Bxd5 18. Qc2 g6 19. Qxc5 Qg5 20. Be4 Rac8 21.
Qxc8 Rxc8 22. Rxc8+ Kg7 23. Bxd5 Qxd5 24. Nb3 Qe5 25. Nd4 Qd5 26. b3 e5 27. Nf3
a5 28. Rfc1 a4 29. R8c5 Qd7 30. Nxe5 Qd2 31. bxa4 bxa4 32. R5c2 Qd5 33. Nf3 a3
34. Nd4 h5 35. h3 g5 36. Rc5 Qxa2 37. Rxg5+ Kh6 38. h4 Qb2 39. Nf5+ Kh7 40.
Rg7+ 1-0

[Event "Brno /Olexa/"]
[Site "?"]
[Date "2021.12.30"]
[Round "6"]
[White "Neduchal, Jiri"]
[Black "Hrdlicka, Vladan"]
[Result "0-1"]
[WhiteElo "1753"]
[BlackElo "1774"]
[PlyCount "94"]
[EventDate "2021.??.??"]

1. d4 d5 2. Nf3 Nf6 3. e3 c5 4. c3 e6 5. Bd3 Nc6 6. O-O Bd6 7. Nbd2 O-O 8. dxc5
Bxc5 9. b4 Bd6 10. Bb2 e5 11. e4 Bg4 12. a3 Re8 13. Re1 Qc7 14. exd5 Nxd5 15.
Bxh7+ Kh8 16. Bb1 Nf4 17. Qc2 g6 18. c4 Rad8 19. Qc3 f6 20. Be4 Qh7 21. g3 Nh3+
22. Kg2 Kg7 23. c5 Bc7 24. Nf1 Rh8 25. Rad1 Nd4 26. Rd3 Nf4+ 27. gxf4 Bh3+ 28.
Kg1 Bxf1 29. Kxf1 Qh3+ 30. Kg1 Nxf3+ 31. Rxf3 Qxh2+ 32. Kf1 Rd4 33. Rg3 Rxe4
34. Rxe4 Qh1+ 35. Ke2 Qxe4+ 36. Qe3 Qc4+ 37. Qd3 Qxd3+ 38. Kxd3 exf4 39. Rg1
Rd8+ 40. Kc2 Rd5 41. Re1 Be5 42. Bc1 g5 43. Re4 Kg6 44. Rc4 Bd4 45. f3 g4 46.
fxg4 f3 47. Kd2 f2 0-1

[Event "Brno /Olexa/"]
[Site "?"]
[Date "2021.12.30"]
[Round "6"]
[White "Nisztuk, Michal"]
[Black "Wuensch, Radek"]
[Result "0-1"]
[WhiteElo "1502"]
[BlackElo "1923"]
[PlyCount "64"]
[EventDate "2021.??.??"]

1. e4 Nc6 2. d4 e5 3. d5 Nce7 4. f4 exf4 5. Bxf4 Ng6 6. Bg3 Bc5 7. Nf3 d6 8. c4
Nf6 9. Nbd2 O-O 10. Bd3 Re8 11. h3 Nxe4 12. Nxe4 f5 13. Qc2 fxe4 14. Bxe4 Bf5
15. Nd2 Bxe4 16. Nxe4 Qe7 17. O-O-O Qxe4 18. Rd3 Nf4 19. Bxf4 Qxf4+ 20. Kb1 Re4
21. Rf3 Qe5 22. Rd1 Re1 23. Rf1 Re8 24. Qb3 Qe4+ 25. Qc2 Rxf1 26. Rxf1 Qxc2+
27. Kxc2 Re2+ 28. Kc3 Rxg2 29. Rf3 a5 30. a3 a4 31. h4 Rg4 32. h5 Rh4 0-1

[Event "Brno /Olexa/"]
[Site "?"]
[Date "2021.12.30"]
[Round "6"]
[White "Hayrumyan, Artur"]
[Black "Zeman, Arnost"]
[Result "1/2-1/2"]
[WhiteElo "1538"]
[BlackElo "1771"]
[PlyCount "74"]
[EventDate "2021.??.??"]

1. Nf3 c5 2. e4 g6 3. d3 Bg7 4. g3 Nc6 5. Bg2 d6 6. Nc3 Nf6 7. O-O O-O 8. Ne2
c4 9. Be3 Ng4 10. Bc1 cxd3 11. cxd3 Qb6 12. h3 Nge5 13. g4 Nxf3+ 14. Bxf3 h5
15. Rb1 Ne5 16. Ng3 Nxf3+ 17. Qxf3 hxg4 18. hxg4 Be6 19. b3 Rac8 20. Qe2 Rc7
21. Bb2 Bd4 22. Nf5 Bxb2 23. Qxb2 Bxf5 24. gxf5 d5 25. Qe5 dxe4 26. dxe4 Rfc8
27. Kh1 Qf6 28. Qg3 Rc3 29. f3 Kg7 30. Rf2 Rc1+ 31. Rxc1 Rxc1+ 32. Kg2 Qa1 33.
Kh3 Rh1+ 34. Kg4 Rg1 35. Rg2 Rxg2 36. Qxg2 gxf5+ 37. Kxf5+ Kf8 1/2-1/2

[Event "Brno /Olexa/"]
[Site "?"]
[Date "2021.12.30"]
[Round "6"]
[White "Doskar, Miloslav"]
[Black "Pokora, Lubomir"]
[Result "1/2-1/2"]
[WhiteElo "1555"]
[BlackElo "1758"]
[PlyCount "30"]
[EventDate "2021.??.??"]

1. e4 d6 2. Nf3 Nf6 3. Nc3 e5 4. d4 Nbd7 5. dxe5 dxe5 6. Bd3 c6 7. O-O Be7 8.
h3 Qc7 9. Re1 O-O 10. a3 Nc5 11. Bc4 Be6 12. Qe2 h6 13. Bxe6 Nxe6 14. Be3 Rfd8
15. Rad1 b6 1/2-1/2

[Event "Brno /Olexa/"]
[Site "?"]
[Date "2021.12.30"]
[Round "6"]
[White "Soucek, Andrej"]
[Black "Bata, Jiri"]
[Result "1-0"]
[WhiteElo "1385"]
[BlackElo "1556"]
[PlyCount "81"]
[EventDate "2021.??.??"]

1. d4 d5 2. Nf3 Nf6 3. c4 e6 4. Bg5 Be7 5. Nc3 O-O 6. e3 b6 7. Bd3 Nbd7 8. O-O
Bb7 9. Rc1 dxc4 10. Bxc4 Ne4 11. Nxe4 Bxe4 12. Bxe7 Qxe7 13. Bd3 Nf6 14. Bxe4
Nxe4 15. Qc2 Nf6 16. Qxc7 Qb4 17. Qc3 Qd6 18. Rfe1 h6 19. e4 Qf4 20. Qd2 Qb8
21. Ne5 Qb7 22. f3 Rfd8 23. Re3 Rd6 24. Rd3 Rad8 25. Nc4 R6d7 26. a3 Ne8 27. e5
Rd5 28. Qe3 Qa6 29. Rcc3 b5 30. Nd2 Qa4 31. b4 a5 32. Ne4 axb4 33. Nc5 Qa7 34.
axb4 Qa1+ 35. Rc1 Qb2 36. Nb3 Ra8 37. Rd2 Qa3 38. Ra1 Qxa1+ 39. Nxa1 Rxa1+ 40.
Kf2 Rb1 41. Qc3 1-0

[Event "Brno /Olexa/"]
[Site "?"]
[Date "2021.12.30"]
[Round "7"]
[White "Hrdlicka, Vladan"]
[Black "Paral, Stanislav"]
[Result "0-1"]
[WhiteElo "1774"]
[BlackElo "1961"]
[PlyCount "74"]
[EventDate "2021.??.??"]

1. e4 g6 2. d4 Bg7 3. Nc3 c5 4. Be3 Nc6 5. d5 Nd4 6. Nf3 Qb6 7. Na4 Qa5+ 8. c3
Nxf3+ 9. gxf3 d6 10. b4 cxb4 11. cxb4 Qd8 12. Rc1 Nf6 13. Bb5+ Bd7 14. Qd3 O-O
15. O-O Bh3 16. Rfe1 Nd7 17. f4 a6 18. Bc4 b5 19. Bxb5 axb5 20. Qxb5 Qb8 21.
Nb6 Nxb6 22. Bxb6 Bd4 23. a4 Bxb6 24. Qd3 Qa7 25. Re2 Bd7 26. a5 Rfb8 27. axb6
Qxb6 28. Rb2 Ra4 29. Rcb1 Bb5 30. Qc3 f6 31. e5 dxe5 32. fxe5 fxe5 33. Qxe5 Qd6
34. Qe4 Bd7 35. Re1 Raxb4 36. Rxb4 Rxb4 37. Qxe7 Rg4+ 0-1

[Event "Brno /Olexa/"]
[Site "?"]
[Date "2021.12.30"]
[Round "7"]
[White "Gajdos, Daniel"]
[Black "Nisztuk, Michal"]
[Result "1-0"]
[WhiteElo "2068"]
[BlackElo "1502"]
[PlyCount "57"]
[EventDate "2021.??.??"]

1. Nf3 d5 2. g3 c5 3. Bg2 Nc6 4. d4 Nf6 5. c4 e6 6. cxd5 exd5 7. O-O c4 8. Ne5
Bd6 9. Nc3 Be6 10. Nxc6 bxc6 11. e4 dxe4 12. Nxe4 Bd5 13. Nxd6+ Qxd6 14. Re1+
Be6 15. Bf4 Qd7 16. Qa4 Rc8 17. Qa3 Nd5 18. Bd6 Nc7 19. Bc5 Nb5 20. Qa6 Rc7 21.
a4 Nd6 22. Bxd6 Qxd6 23. d5 O-O 24. dxe6 fxe6 25. Qxc4 Rf6 26. Rad1 Qf8 27.
Rxe6 Rff7 28. Rde1 Rc8 29. Bxc6 1-0

[Event "Brno /Olexa/"]
[Site "?"]
[Date "2021.12.30"]
[Round "7"]
[White "Wuensch, Radek"]
[Black "Neduchal, Jiri"]
[Result "1-0"]
[WhiteElo "1923"]
[BlackElo "1753"]
[PlyCount "73"]
[EventDate "2021.??.??"]

1. e4 c6 2. d4 d5 3. e5 Bf5 4. h4 h5 5. Bd3 Bxd3 6. Qxd3 e6 7. Bg5 Qb6 8. Nd2
c5 9. c4 dxc4 10. Nxc4 Qb4+ 11. Bd2 Qa4 12. Ne2 Na6 13. O-O Be7 14. Nc3 Qd7 15.
Nb5 Nh6 16. Nbd6+ Bxd6 17. Nxd6+ Kf8 18. Qa3 cxd4 19. Nxb7+ Qe7 20. Qxa6 Qxh4
21. Qa3+ Kg8 22. Qg3 Qxg3 23. fxg3 Nf5 24. Rf3 Rb8 25. Rb3 Kh7 26. Nd6 Kg6 27.
Nxf5 Kxf5 28. Rf1+ Kg6 29. Rf4 Rxb3 30. axb3 Rb8 31. Rxd4 Rxb3 32. Bc3 Rb7 33.
Kf2 f6 34. Re4 Rb6 35. Rf4 fxe5 36. Bxe5 Rb5 37. Bc3 1-0

[Event "Brno /Olexa/"]
[Site "?"]
[Date "2021.12.30"]
[Round "7"]
[White "Zeman, Arnost"]
[Black "Doskar, Miloslav"]
[Result "1-0"]
[WhiteElo "1771"]
[BlackElo "1555"]
[PlyCount "81"]
[EventDate "2021.??.??"]

1. d4 d5 2. Bf4 Nf6 3. Nc3 c6 4. Nf3 Bf5 5. Nh4 Bg6 6. Nxg6 hxg6 7. Qd3 e6 8.
e4 dxe4 9. Nxe4 Nxe4 10. Qxe4 Bd6 11. g3 Bxf4 12. Qxf4 Qd5 13. f3 Nd7 14. Kf2
Qf5 15. Qxf5 gxf5 16. Re1 O-O-O 17. f4 Nf6 18. c3 Rh6 19. h3 Kc7 20. Bg2 Rhh8
21. Re2 Rd7 22. Bf3 Kb6 23. h4 g6 24. Rd1 Kc7 25. Red2 Ne4+ 26. Bxe4 fxe4 27.
Ke3 f5 28. c4 Rhd8 29. b4 a6 30. a4 Rd6 31. g4 Rh8 32. Rh1 Rd7 33. Rdh2 b6 34.
h5 gxh5 35. Rxh5 Rxh5 36. Rxh5 Rg7 37. gxf5 exf5 38. Rxf5 Rg3+ 39. Kxe4 Rb3 40.
Rf7+ Kd6 41. c5+ 1-0

[Event "Brno /Olexa/"]
[Site "?"]
[Date "2021.12.30"]
[Round "7"]
[White "Pokora, Lubomir"]
[Black "Soucek, Andrej"]
[Result "1-0"]
[WhiteElo "1758"]
[BlackElo "1385"]
[PlyCount "93"]
[EventDate "2021.??.??"]

1. d4 Nf6 2. Nf3 d5 3. e3 c5 4. b3 Nc6 5. a3 Bg4 6. Be2 e6 7. O-O Bd6 8. Bb2
O-O 9. h3 Bh5 10. dxc5 Bxc5 11. Nbd2 Qe7 12. Re1 Rfd8 13. b4 Bb6 14. Ne5 Bxe2
15. Qxe2 Rac8 16. Rac1 d4 17. Nxc6 Rxc6 18. Nc4 dxe3 19. Nxe3 Ne4 20. Qg4 Nf6
21. Qg5 h6 22. Bxf6 Qxf6 23. Qxf6 gxf6 24. c4 Bxe3 25. Rxe3 Rdc8 26. Rec3 Kf8
27. Kf1 Ke7 28. Ke2 Rg8 29. g3 Rg5 30. c5 Re5+ 31. Kd3 Rd5+ 32. Kc2 b6 33. cxb6
Rxc3+ 34. Kxc3 axb6 35. Kb3 Kd7 36. Rc4 Rd3+ 37. Rc3 Rd5 38. a4 Rh5 39. h4 Rd5
40. Kc4 Kc7 41. Ra3 Kb7 42. Rd3 Rf5 43. f4 Kc7 44. Rd4 h5 45. Kd3 e5 46. Rd5
Kc6 47. Ke4 1-0

[Event "Brno /Olexa/"]
[Site "?"]
[Date "2021.12.30"]
[Round "7"]
[White "Bata, Jiri"]
[Black "Hayrumyan, Artur"]
[Result "1-0"]
[WhiteElo "1556"]
[BlackElo "1538"]
[PlyCount "107"]
[EventDate "2021.??.??"]

1. e4 e5 2. Bc4 f5 3. Bxg8 Rxg8 4. Qh5+ g6 5. Qxh7 Rg7 6. Qh3 fxe4 7. Qg3 Nc6
8. h4 d6 9. d3 Nd4 10. Na3 Nf5 11. Qh2 exd3 12. g4 Nd4 13. c3 Ne2 14. Nxe2 dxe2
15. f3 Be7 16. Kxe2 Be6 17. Be3 Qd7 18. g5 O-O-O 19. Qf2 c5 20. b4 Qa4 21. Bc1
cxb4 22. cxb4 Qxb4 23. Qxa7 Bc4+ 24. Nxc4 Qxc4+ 25. Kf2 Rf7 26. Be3 Qc2+ 27.
Kg3 Qe2 28. Rhf1 Rdf8 29. Rac1+ Kd7 30. Qxb7+ Ke6 31. Qe4 Rf5 32. Rcd1 Qxa2 33.
Rf2 Qb3 34. Rd3 Qb5 35. Rd1 d5 36. Qc2 Bd6 37. Rb1 Qe8 38. Bc5 Qc6 39. Rb6 e4+
40. f4 Qxb6 41. Bxb6 Bxf4+ 42. Kg2 Rd8 43. Bd4 Rff8 44. Qd1 Rc8 45. Qg4+ Kd6
46. Rxf4 Rc2+ 47. Kg3 Rxf4 48. Qxf4+ Kc6 49. Qf6+ Kb5 50. Qxg6 Rc4 51. Qb6+ Ka4
52. g6 Rb4 53. Qc6+ Kb3 54. Qxd5+ 1-0